[Event "DEN-ch"]
[Site "Svendborg"]
[Date "2019.04.16"]
[Round "4"]
[White "Aabling Thomsen, Jakob"]
[Black "Olsen, Filip Boe"]
[Result "1/2-1/2"]
[WhiteElo "2358"]
[BlackElo "2414"]
[PlyCount "109"]
[EventDate "2019.04.13"]
[EventType "tourn"]
[EventRounds "9"]
[EventCountry "DEN"]
[EventCategory "9"]
[SourceTitle "CBM 189 Extra"]
[Source "ChessBase"]
[SourceDate "2019.05.31"]
[SourceVersion "1"]
[SourceVersionDate "2019.05.31"]
[SourceQuality "1"]

1. c4 e6 2. g3 d5 3. Bg2 Nf6 4. Nf3 dxc4 5. Qa4+ c6 6. Qxc4 b5 7. Qc2 Bb7 8. a4 a6 9. 0-0 Nbd7 10. d3 Be7 11. Nbd2 c5 12. Nb3 0-0 13. Bd2 Rc8 14. Rfc1 c4 15. Na5 cxd3 16. Nxb7 dxc2 17. Nxd8 Rfxd8 18. Ba5 Re8 19. axb5 axb5 20. Nd4 Rc4 21. Nxb5 Rb8 22. b3 Rcc8 23. Na7 Re8 24. Nc6 Rxb3 25. Nxe7+ Rxe7 26. Rxc2 Re8 27. Rac1 h6 28. Rc7 Reb8 29. Bc6 Ne5 30. Ba4 Rb1 31. Rxb1 Rxb1+ 32. Kg2 Rb8 33. Bc3 Ng6 34. Ra7 Rc8 35. Ba1 Nd5 36. h4 Nb6 37. h5 Nf8 38. Bb5 Ra8 39. Rb7 Rxa1 40. Rxb6 g6 41. hxg6 Nxg6 42. Rb8+ Kg7 43. Be8 Ra7 44. f4 h5 45. Bb5 h4 46. Bd3 hxg3 47. Bxg6 Kxg6 48. Kxg3 Ra3+ 49. Kf2 Kf5 50. e3 f6 51. Kf3 e5 52. fxe5 Kxe5 53. Rb5+ Ke6 54. Kf4 Ra6 55. e4 1/2-1/2

[Event "DEN-ch"]
[Site "Svendborg"]
[Date "2019.04.14"]
[Round "2"]
[White "Aabling Thomsen, Jakob"]
[Black "Ochsner, Bjorn Moller"]
[Result "0-1"]
[WhiteElo "2358"]
[BlackElo "2486"]
[PlyCount "74"]
[EventDate "2019.04.13"]
[EventType "tourn"]
[EventRounds "9"]
[EventCountry "DEN"]
[EventCategory "9"]
[SourceTitle "CBM 189 Extra"]
[Source "ChessBase"]
[SourceDate "2019.05.31"]
[SourceVersion "1"]
[SourceVersionDate "2019.05.31"]
[SourceQuality "1"]

1. c4 e5 2. g3 Nc6 3. Bg2 Bc5 4. Nc3 d6 5. e3 a6 6. Nge2 Ba7 7. a3 h5 8. b4 h4 9. Bb2 h3 10. Bf3 f5 11. d3 g5 12. Rf1 Nce7 13. Qc2 Nf6 14. 0-0-0 Ng6 15. Kb1 Qe7 16. Nc1 c6 17. Nb3 Be6 18. Be2 d5 19. c5 Ng4 20. Bxg4 fxg4 21. Nd2 0-0 22. Ne2 Rf7 23. f3 gxf3 24. Rxf3 Rxf3 25. Nxf3 Bg4 26. Neg1 Rf8 27. Rf1 Bb8 28. Qc1 e4 29. Nd2 exd3 30. Rxf8+ Kxf8 31. Qc3 Qe5 32. Ngf3 Qxc3 33. Bxc3 Bxf3 34. Nxf3 g4 35. Ne1 Bxg3 36. Nxd3 Bxh2 37. Nf2 Be5 0-1

[Event "DEN-chT 1819 57th"]
[Site "Denmark"]
[Date "2018.12.09"]
[Round "4.1"]
[White "Aabling Thomsen, Jakob"]
[Black "Rodgaard, John"]
[Result "0-1"]
[WhiteElo "2388"]
[BlackElo "2331"]
[PlyCount "94"]
[EventDate "2018.10.27"]
[EventType "team-tourn"]
[EventRounds "9"]
[EventCountry "DEN"]
[SourceTitle "CBM 187 Extra"]
[Source "ChessBase"]
[SourceDate "2018.11.04"]
[SourceVersion "1"]
[SourceVersionDate "2018.11.04"]
[SourceQuality "1"]
[WhiteTeam "Bronshoj"]
[BlackTeam "Evans"]
[WhiteTeamCountry "DEN"]
[BlackTeamCountry "DEN"]

1. e4 e6 2. d3 d5 3. Qe2 Nf6 4. Nf3 c5 5. g3 Nc6 6. Bg2 Be7 7. 0-0 b5 8. e5 Nd7 9. c4 bxc4 10. dxc4 Nb6 11. b3 a5 12. Nc3 a4 13. Bb2 Ba6 14. Rfd1 Qc8 15. Nd2 0-0 16. Nxa4 Nxa4 17. bxa4 Na5 18. Rac1 Ra7 19. Qg4 Nxc4 20. Bc3 Rd8 21. Nf3 Bb7 22. a5 d4 23. Be1 Bd5 24. Qh5 h6 25. Bd2 Nxd2 26. Rxd2 Bxf3 27. Qxf3 Bg5 28. Qd1 Bxd2 29. Qxd2 c4 30. Qb4 c3 31. Bf1 Qc7 32. a6 Qxe5 33. Bd3 Qd6 34. Qa4 Rb8 35. Re1 Qb4 36. Qc6 c2 37. Qe4 Qxe1+ 38. Qxe1 Rb1 39. Qxb1 cxb1Q+ 40. Bxb1 Rxa6 41. Kf1 Kf8 42. Ke1 Ke7 43. Kd2 Ra3 44. f4 Kd6 45. Kc2 Kc5 46. Kb2 Re3 47. Bh7 f6 0-1